Διαχείριση χαρτοφυλακίου έργων = Project portfolio management : διπλωματική εργασία
Αποθηκεύτηκε σε:
| Κύριος συγγραφέας: | |
|---|---|
| Συγγραφή απο Οργανισμό/Αρχή: | |
| Άλλοι συγγραφείς: | |
| Μορφή: | Thesis Βιβλίο |
| Γλώσσα: | Greek |
| Δημοσίευση: |
2008
|
| Θέματα: | |
| Διαθέσιμο Online: | http://hdl.handle.net/11610/8587 |
| Ετικέτες: |
Προσθήκη ετικέτας
Δεν υπάρχουν, Καταχωρήστε ετικέτα πρώτοι!
|
MARC
| LEADER | 00000cam a2200000 i 4500 | ||
|---|---|---|---|
| 001 | 1/96037 | ||
| 008 | 081024s2008 gre d | ||
| 035 | |l 10101156 | ||
| 040 | |a GR-MY-UA |b gre |e aacr | ||
| 041 | 0 | |a gre | |
| 082 | 0 | |a 658.404 |2 (22) | |
| 100 | 1 | |a Κατσόγιαννος, Σεραφείμ. | |
| 245 | 1 | 0 | |a Διαχείριση χαρτοφυλακίου έργων = |b Project portfolio management : διπλωματική εργασία / |c Κατσόγιαννος Σεραφείμ ; επιβλέπων Κηρυττόπουλος Κωνσταντίνος |
| 260 | |c 2008 | ||
| 300 | |a 72 σ.; |b πίν.; |c 30 εκ. | ||
| 502 | # | # | |a Διατριβή (μεταπτυχιακή) – Πανεπιστήμιο Αιγαίου, Χίος, 2008. |
| 504 | |a Περιλαμβάνει βιβλιογραφία | ||
| 610 | 2 | 0 | |a Πανεπιστήμιο Αιγαίου. |
| 650 | 0 | 0 | |a Project management. |
| 650 | 0 | 0 | |a Portfolio management. |
| 650 | 0 | 0 | |a Dissertations, Academic |z Greece. |
| 700 | 0 | |a Κηρυττόπουλος, Κωνσταντίνος. |4 ths | |
| 710 | 1 | |a Πανεπιστήμιο Αιγαίου |b Σχολή Επιστημών της Διοίκησης |b Τμήμα Μηχανικών Οικονομίας και Διοίκησης |b Μεταπτυχιακό Πρόγραμμα Σπουδών "Οικονομική & Διοίκηση για Μηχανικούς" - Ο.ΔΙ.Μ. | |
| 852 | |a INST |b CHIOS |c DIATR |e 20081024 |h 658.404 ΚΑΤ |p 005200031004 |q 005200031004 |t MTXE |y 23 | ||
| 852 | |a INST |b CHIOS |c DIATR |e 20081024 |h 658.404 ΚΑΤ |p 005200031005 |q 005200031005 |t MTXE |y 23 | ||
| 856 | |u http://hdl.handle.net/11610/8587 | ||
| 901 | |a BIBL2-2008-3 | ||
| 909 | |a Χ |b 146699 | ||
| 909 | |a Χ |b 146700 | ||
| 924 | |a ΚΑΤΣΟΓΙΑΝΝΟΣ |b ΣΕΡΑΦΕΙΜ |y ΧΙΟΣ |z 2008-10 | ||
| 970 | |a ΒΑΣΙΛΑΚΗ |b ΝΙΚΗ |z 2008/10/24 | ||